Zbierka úloh z marketingu pre stredné školy záverečná správa za celé obdobie riešenia projektu KEGA : projekt č. 012EU-4/2011 : doba riešenia r. 2011

Uložené v:
Podrobná bibliografia
Hlavný autor: Kita, Pavol
Ďalší autori: Jurkovičová, Lujza, Kováčová, Natália
Médium: Kniha
Jazyk:Slovak
English
Vydavateľské údaje: Bratislava 2011
Predmet:
Tagy: Pridať tag
Žiadne tagy, Buďte prvý, kto otaguje tento záznam!

MARC

LEADER 00000nam a2200000 4500
001 0168795
005 20240605122118.4
041 0 |a slo 
041 0 |a eng 
044 |a SK 
245 1 0 |a Zbierka úloh z marketingu pre stredné školy  |b záverečná správa za celé obdobie riešenia projektu KEGA : projekt č. 012EU-4/2011 : doba riešenia r. 2011  |c vedúci projektu Pavol Kita 
264 1 |a Bratislava  |c 2011 
300 |a [15 s.] 
610 2 0 |a marketing 
610 2 0 |a školy stredné 
610 2 0 |a vzdelávanie sekundárne 
100 1 |a Kita, Pavol 
700 1 |a Jurkovičová, Lujza 
700 1 |a Kováčová, Natália